Nomination of Hon. Ruth Y. Goldway : hearing before the Committee on Homeland Security and Governmental Affairs, United States Senate, One Hundred Tenth Congress, second session, on the nomination of Hon. Ruth Y. Goldway to be a commissioner of the U.S. Postal Regulatory Commission, September 9, 2008.

Bibliographic Details
Corporate Author: United States. Congress. Senate. Committee on Homeland Security and Governmental Affairs
Format: Government Document eBook
Language:English
Published: Washington : U.S. G.P.O., 2010.
Series:S. hrg. ; 110-970
Subjects:
Online Access:Electronic resource (PDF)

MARC

Tag First Indicator Second Indicator Subfields
LEADER 00000cam a22000001a 4500
001 in00004100405
005 20200117091300.0
006 m d f
007 cr bn mmmapmmp
008 100204s2010 dcu o f000 0 eng d
035 |a chdc201001329 
040 |a UMI  |c UMI  |d UtOrBLW 
042 |a pcc 
043 |a n-us--- 
074 |a 1037-B 
086 0 |a Y 4.G 74/9:S.HRG.110-970 
110 1 |a United States.  |b Congress.  |b Senate.  |b Committee on Homeland Security and Governmental Affairs.  |0 http://id.loc.gov/authorities/names/no2005015918 
245 1 0 |a Nomination of Hon. Ruth Y. Goldway :  |b hearing before the Committee on Homeland Security and Governmental Affairs, United States Senate, One Hundred Tenth Congress, second session, on the nomination of Hon. Ruth Y. Goldway to be a commissioner of the U.S. Postal Regulatory Commission, September 9, 2008. 
264 1 |a Washington :  |b U.S. G.P.O.,  |c 2010. 
264 2 |a Washington :  |b For sale by the Supt. of Docs., U.S. G.P.O. 
300 |a iii, 69 pages, digital, PDF file. 
336 |a text  |b txt  |2 rdacontent 
337 |a computer  |b c  |2 rdamedia 
338 |a online resource  |b cr  |2 rdacarrier 
490 1 |a S. hrg. ;  |v 110-970 
500 |a Shipping list number: 2010-0110-P. 
500 |a Record is based on bibliographic data in ProQuest Congressional Hearings Digital Collection. Reuse except for individual research requires license from ProQuest, LLC. 
500 |a Electronic resource. 
533 |a Electronic reproduction.  |b [Bethesda, Md.] :  |c ProQuest,  |d 2010.  |e digital, PDF file.  |n ProQuest U.S. Congressional Hearings Digital Collection.  |n Mode of access: World Wide Web via ProQuest website. 
538 |a System requirements: PDF reader software. 
600 1 0 |a Goldway, Ruth Ellen Yannatta,  |d 1945-  |0 http://id.loc.gov/authorities/names/no98110010 
610 1 0 |a United States.  |b Postal Regulatory Commission  |x Officials and employees  |x Selection and appointment. 
776 0 8 |i Print version:   |a United States. Congress. Senate. Committee on Homeland Security and Governmental Affairs.  |t Nomination of Hon. Ruth Y. Goldway  |w 9780160850684  |w 0160850681  |w (OCoLC)503472375  |z 2009526527 
776 0 8 |i Microfiche version:   |a United States. Congress. Senate. Committee on Homeland Security and Governmental Affairs.  |t Nomination of Hon. Ruth Y. Goldway  |d [Bethesda, Md.] : ProQuest,[2010]  |o CIS 2010 S481-27  |w (ProQuest)cis01003292  
810 1 |a United States.  |b Congress.  |b Senate.  |t S. hrg. ;  |v 110-970.  |0 http://id.loc.gov/authorities/names/n83707917 
856 4 0 |u http://proxy.library.tamu.edu/login?url=http://search.proquest.com/congcomp/getdoc?HEARING-ID=HRG-2008-HSG-0049  |y Electronic resource (PDF)  |t 0 
998 |a cis01003292  
999 f f |s 80753df7-92c5-36b8-b0d2-dfac47e68151  |i 39e7febc-ecb2-3e14-a48b-fdb97dde4f95  |t 0 
952 f f |a Texas A&M University  |b College Station  |c Electronic Resources  |d Available Online  |t 0  |e Y 4.G 74/9:S.HRG.110-970  |h Superintendent of Documents classification 
998 f f |a Y 4.G 74/9:S.HRG.110-970  |t 0  |l Available Online